Bologna FC 23/24 season results - Statistics

General Stats
  • This quiz has been taken 28 times
  • The average score is 21 of 42
Answer Stats
League Match Result % Correct
Serie A BOLOGNA - Milan 0-2
89%
Serie A Juventus - BOLOGNA 1-1
89%
Coppa Italia BOLOGNA - Cesena 2-0
89%
Coppa Italia Inter - BOLOGNA 1-2
78%
Serie A BOLOGNA - Cagliari 2-1
78%
Serie A BOLOGNA - Juventus 3-3
72%
Serie A Verona - BOLOGNA 0-0
61%
Serie A BOLOGNA - Napoli 0-0
61%
Serie A BOLOGNA - Atalanta 1-0
61%
Serie A BOLOGNA - Roma 2-0
61%
Serie A Udinese - BOLOGNA 3-0
61%
Serie A Monza - BOLOGNA 0-0
56%
Coppa Italia Fiorentina - BOLOGNA 0-0
56%
Serie A Salernitana - BOLOGNA 1-2
56%
Serie A Atalanta - BOLOGNA 1-2
56%
Serie A Genoa - BOLOGNA 2-0
56%
Serie A Inter - BOLOGNA 2-2
56%
Serie A BOLOGNA - Empoli 3-0
56%
Serie A Lecce - BOLOGNA 1-1
50%
Serie A Lazio - BOLOGNA 1-2
50%
Serie A BOLOGNA - Fiorentina 2-0
50%
Serie A Fiorentina - BOLOGNA 2-1
50%
Serie A Milan - BOLOGNA 2-2
50%
Serie A BOLOGNA - Sassuolo 4-2
50%
Serie A BOLOGNA - Lazio 1-0
44%
Serie A Sassuolo - BOLOGNA 1-1
44%
Coppa Italia BOLOGNA - Verona 2-0
44%
Serie A BOLOGNA - Frosinone 2-1
44%
Serie A Cagliari - BOLOGNA 2-1
44%
Serie A BOLOGNA - Lecce 4-0
44%
Serie A BOLOGNA - Inter 0-1
39%
Serie A Napoli - BOLOGNA 0-2
39%
Serie A BOLOGNA - Genoa 1-1
39%
Serie A Roma - BOLOGNA 1-3
39%
Serie A BOLOGNA - Torino 2-0
39%
Serie A BOLOGNA - Verona 2-0
39%
Serie A Empoli - BOLOGNA 0-1
33%
Serie A Frosinone - BOLOGNA 0-0
28%
Serie A BOLOGNA - Salernitana 3-0
28%
Serie A Torino - BOLOGNA 0-0
22%
Serie A BOLOGNA - Udinese 1-1
22%
Serie A BOLOGNA - Monza 0-0
17%
No matching quizzes found
Score Distribution
Percent of People with Each Score
Percentile by Number Answered
Your Score History
You have not taken this quiz